| 000 | 00451nam a2200169Ia 4500 | ||
|---|---|---|---|
| 005 | 20250508155232.0 | ||
| 008 | 008 250505s9999 xx 000 0 eng d | ||
| 037 | _aTextual | ||
| 040 |
_aFEDL _beng _cFEDL |
||
| 041 |
_aeng _2eng |
||
| 084 |
_a370.1, IND _qFEDL |
||
| 245 | 0 | _aField of education | |
| 245 | 0 | _cIndia, Government of. Ministry of Education | |
| 300 | _a72p. | ||
| 942 |
_cTEXL _h370.1, IND |
||
| 999 |
_c1355395 _d1355395 |
||